00380pab a2200133 454500008004000000100001800040245007500058260000900133300001300142362000800155650003300163650001700196773003300213180718b2002 xxu||||| |||| 00| 0 eng d aGould, Jon B. aPlaying with fire: the civil liberrties implications of September 11th c2002 ap.74-79. aSep aHuman rights - United States aHuman rights aPublic Administration Review